Sports Quiz

Random Sports or NBA Quiz

Pixelated NBA Logos Quiz Stats

Quiz Updated Sep 7, 2016

Challenge
Share
Tweet
Score 0/30 Timer 05:00
10 Plays Today
% Correct
Oklahoma City Thunder
96.9%
Boston Celtics
95.3%
Miami Heat
94%
Los Angeles Clippers
93.1%
Chicago Bulls
92.5%
Golden State Warriors
92.4%
Memphis Grizzlies
92.4%
Minnesota Timberwolves
91.4%
Utah Jazz
91.3%
Brooklyn Nets
90.8%
Atlanta Hawks
90.4%
Los Angeles Lakers
90.4%
Portland Trail Blazers
90.2%
Houston Rockets
89.7%
Philadelphia 76ers
89.6%
% Correct
Dallas Mavericks
89.2%
Denver Nuggets
89%
Indiana Pacers
88.6%
Charlotte Hornets
88.3%
Sacramento Kings
88.1%
New Orleans Pelicans
87.1%
New York Knicks
86.9%
Milwaukee Bucks
86%
Toronto Raptors
85.9%
San Antonio Spurs
85.4%
Detroit Pistons
85.4%
Orlando Magic
84.2%
Phoenix Suns
83.5%
Washington Wizards
81.6%
Cleveland Cavaliers
79%

You're not logged in!

Compare scores with friends on all Sporcle quizzes.
Join for Free
OR
Log In

You Might Also Like...

Show Comments

Extras

Top Quizzes Today


Score Distribution

Your Account Isn't Verified!

In order to create a playlist on Sporcle, you need to verify the email address you used during registration. Go to your Sporcle Settings to finish the process.

Report this User

Report this user for behavior that violates our Community Guidelines.

Details: